000 00863njm a22002297a 4500
005 20100903120219.0
007 sd ammalaaahaa
008 100901t xxu||||| |||| 00| 0 hin d
028 _aN.15930
_bHis Master's Voice
028 _aOJE. 609
_bHis Master's Voice
035 _aGR-408
040 _aSED/VEN
100 _917815
245 _aHindustan hamara /
_cmusician by Vasant Desai
_h[sound recording] :
_bInstumental
246 _aहिंदुस्तान हमारा
260 _aDum Dum, India
_bHis Master's Voice
300 _a1 sound disc :
_banalog, 33 1/3 rpm
_c10 in.
500 G _aBrief record
505 _aDiwali dance ( दिवाली डांस ) पार्ट १ ,Dance of youth, (डांस ऑफ़ यूथ ) पार्ट २
650 _aClassical music
_xExcerpts
_zIndia
_917813
942 _2ddc
_cGR
999 _c43567
_d43567